| 000 | 00474nam a2200181 4500 | ||
|---|---|---|---|
| 003 | LK-CoMWRAF | ||
| 005 | 20230906204202.0 | ||
| 008 | 230906b |||||||| |||| 00| 0 eng d | ||
| 040 |
_aLK-CoMWRAF _dLK-CoMWRAF _eLK-CoMWRAF |
||
| 041 | _aeng | ||
| 082 |
_a823 _bSWI |
||
| 100 | _aSwift, Jonathan | ||
| 245 | _aGulliver's travels | ||
| 260 |
_aIndia : _bMacmillan India limited, _c1993 |
||
| 500 | _aMacmillan stories to remember | ||
| 650 | _aChildren story | ||
| 942 | _cBK | ||
| 999 |
_c3435 _d3435 |
||